[Event "Wch-U20"]
[Site "Manavgat TUR"]
[Date "2018.09.06"]
[Round "2.42"]
[White "Lodici, Lorenzo"]
[Black "Rodrigue-Lemieux, Shawn"]
[Result "1-0"]
[WhiteElo "2458"]
[BlackElo "2250"]
[PlyCount "61"]
[EventDate "2018.09.05"]
[EventType "swiss"]
[EventRounds "11"]
[EventCountry "TUR"]
[Source "ChessMix"]
[SourceDate "2018.09.20"]

1. d4 Nf6 2. c4 e6 3. Nc3 Bb4 4. f3 Nc6 5. e4 d5 6. e5 Ng8 7. cxd5 Qxd5 8. a3
Bxc3+ 9. bxc3 Bd7 10. Bd3 O-O-O 11. Rb1 f6 12. Rb5 Qa2 13. Rb2 Qd5 14. exf6
Nxf6 15. Ne2 e5 16. c4 Qa5+ 17. Bd2 Qxa3 18. Qb1 Kb8 19. d5 Nd4 20. Bb4 Qa6 21.
Ra2 Ba4 22. Nxd4 exd4 23. O-O c5 24. Bxc5 Rc8 25. Qb4 Rxc5 26. Qxc5 Nd7 27.
Qxd4 Qa5 28. Bc2 Nc5 29. Bxa4 Nxa4 30. c5 Nc3 31. Qe5+ 1-0

[Event "Wch-U20"]
[Site "Manavgat TUR"]
[Date "2018.09.07"]
[Round "3.60"]
[White "Murphy, Conor"]
[Black "Rodrigue-Lemieux, Shawn"]
[Result "0-1"]
[WhiteElo "2357"]
[BlackElo "2250"]
[PlyCount "62"]
[EventDate "2018.09.05"]
[EventType "swiss"]
[EventRounds "11"]
[EventCountry "TUR"]
[Source "Mark Crowther"]
[SourceDate "2018.09.10"]

1. e4 c6 2. d4 d5 3. Nd2 dxe4 4. Nxe4 Nf6 5. Nxf6+ exf6 6. c3 Bd6 7. Bd3 O-O 8.
Ne2 Re8 9. Qc2 g6 10. h4 Nd7 11. h5 Nf8 12. Bh6 f5 13. O-O-O Be6 14. Nf4 g5 15.
g3 gxf4 16. gxf4 Qc7 17. Rdg1+ Ng6 18. Bxf5 Bxf4+ 19. Kd1 Bd5 20. Rh3 Bxh6 21.
hxg6 Qf4 22. gxf7+ Kxf7 23. Rgg3 Rg8 24. Bxh7 Rg4 25. Bg6+ Kf6 26. Rh5 Bf3+ 27.
Ke1 Rxg3 28. Rf5+ Kg7 29. Rxf4 Rg1+ 30. Kd2 Bxf4+ 31. Kd3 Bd1 0-1

[Event "Wch-U20"]
[Site "Manavgat TUR"]
[Date "2018.09.07"]
[Round "4.46"]
[White "Rodrigue-Lemieux, Shawn"]
[Black "Nikitenko, Mihail"]
[Result "0-1"]
[WhiteElo "2250"]
[BlackElo "2368"]
[PlyCount "86"]
[EventDate "2018.09.05"]
[EventType "swiss"]
[EventRounds "11"]
[EventCountry "TUR"]
[Source "ChessMix"]
[SourceDate "2018.09.20"]

1. Nf3 Nf6 2. g3 g6 3. Bg2 Bg7 4. O-O O-O 5. d3 d5 6. c4 c6 7. Nc3 Re8 8. Bg5
h6 9. Bd2 e5 10. cxd5 cxd5 11. Qc1 Kh7 12. d4 e4 13. Ne5 Nc6 14. Nxc6 bxc6 15.
Na4 Ba6 16. Re1 Ng4 17. h3 e3 18. hxg4 exf2+ 19. Kxf2 Qf6+ 20. Bf3 Qxd4+ 21.
Kg2 Qxa4 22. Bxh6 Bxe2 23. Bxe2 Qe4+ 24. Bf3 Qxe1 25. Qxe1 Rxe1 26. Rxe1 Kxh6
27. Rc1 Rb8 28. Rxc6 Rxb2+ 29. Kh3 d4 30. Ra6 Rf2 31. Be4 Re2 32. Bc6 Re7 33.
Ra5 Be5 34. Kg2 Kg5 35. Kf3 f6 36. Rc5 Rh7 37. Rc2 Rh3 38. Rg2 Rh1 39. Be4 Re1
40. Re2 Rc1 41. Rd2 Rc3+ 42. Rd3 f5 43. gxf5 gxf5 0-1

[Event "Wch-U20"]
[Site "Manavgat TUR"]
[Date "2018.09.10"]
[Round "6.73"]
[White "Rodrigue-Lemieux, Shawn"]
[Black "Baylav, Can"]
[Result "1-0"]
[WhiteElo "2250"]
[BlackElo "2026"]
[PlyCount "52"]
[EventDate "2018.09.05"]
[EventType "swiss"]
[EventRounds "11"]
[EventCountry "TUR"]
[Source "ChessMix"]
[SourceDate "2018.09.20"]

1. e4 c5 2. Nf3 d6 3. d4 cxd4 4. Qxd4 a6 5. c4 Nc6 6. Qe3 Nf6 7. h3 g6 8. Be2
Bg7 9. Nc3 O-O 10. O-O Nd7 11. b3 Nc5 12. Bb2 Qa5 13. Qc1 f5 14. exf5 Bxf5 15.
Nd5 Nd3 16. Bxd3 Bxd3 17. Bxg7 Kxg7 18. b4 Nxb4 19. Qc3+ e5 20. Rfe1 Kg8 21. a3
Bxc4 22. Ne7+ Kf7 23. Qxc4+ Kxe7 24. axb4 Qb5 25. Qh4+ Ke8 26. Ra5 Rh8 1-0

[Event "Wch-U20"]
[Site "Manavgat TUR"]
[Date "2018.09.13"]
[Round "9.54"]
[White "Huber, Mart AUT"]
[Black "Rodrigue-Lemieux, Shawn"]
[Result "1/2-1/2"]
[WhiteElo "2390"]
[BlackElo "2250"]
[PlyCount "67"]
[EventDate "2018.09.05"]
[EventType "swiss"]
[EventRounds "11"]
[EventCountry "TUR"]
[Source "Mark Crowther"]
[SourceDate "2018.09.17"]

1. Nf3 d5 2. c4 e6 3. g3 Nf6 4. Bg2 Be7 5. d4 O-O 6. Qc2 a6 7. Bf4 dxc4 8. Qxc4
Nd5 9. Nc3 b5 10. Qd3 Bb7 11. Nxd5 exd5 12. Rc1 Bd6 13. O-O Nd7 14. Rc2 Qe7 15.
Bxd6 Qxd6 16. Rfc1 c6 17. Bh3 Nb6 18. b3 Rfe8 19. Ne5 f6 20. Nf3 g6 21. e3 a5
22. Qc3 a4 23. Qc5 Qxc5 24. dxc5 Nc8 25. Nd4 Ne7 26. Be6+ Kg7 27. Bd7 Rh8 28.
Bg4 axb3 29. axb3 Ra3 30. Bf3 f5 31. Kf1 Kf6 32. Ke2 Rha8 33. Kd2 R3a5 34. Be2
1/2-1/2

[Event "Wch-U20"]
[Site "Manavgat TUR"]
[Date "2018.09.15"]
[Round "11.50"]
[White "Galperin, Platon"]
[Black "Rodrigue-Lemieux, Shawn"]
[Result "0-1"]
[WhiteElo "2348"]
[BlackElo "2250"]
[PlyCount "144"]
[EventDate "2018.09.05"]
[EventType "swiss"]
[EventRounds "11"]
[EventCountry "TUR"]
[Source "ChessMix"]
[SourceDate "2018.09.20"]

1. c4 Nf6 2. Nc3 e6 3. e4 e5 4. Nf3 Nc6 5. d4 exd4 6. Nxd4 Bb4 7. f3 O-O 8. Be2
Re8 9. O-O d6 10. Be3 Nxd4 11. Bxd4 Bc5 12. Bxc5 dxc5 13. Qxd8 Rxd8 14. e5 Ne8
15. f4 Bf5 16. Nd5 Be4 17. Rad1 c6 18. Nc3 Bc2 19. Rxd8 Rxd8 20. f5 g6 21. g4
gxf5 22. gxf5 Ng7 23. f6 Nf5 24. Kf2 Re8 25. Bd1 Bd3 26. Rg1+ Kh8 27. Bh5 Bxc4
28. b3 Be6 29. Ne4 Bd5 30. Nxc5 Rxe5 31. Nxb7 Nh6 32. Be2 Rf5+ 33. Ke3 Rxf6 34.
Nc5 Nf5+ 35. Kd3 Rh6 36. Rf1 Nd6 37. Rf2 Kg7 38. Kd4 f6 39. Nd3 Rh4+ 40. Nf4
Ne4 41. Rf1 Ng5 42. Kc3 Bf7 43. h3 Nxh3 44. Ng2 Re4 45. Bf3 Re5 46. Ne1 Ng5 47.
Nd3 Rf5 48. Bg2 Rxf1 49. Bxf1 Bd5 50. Nf4 Bf3 51. b4 h5 52. Kd4 Kf7 53. Ke3 h4
54. a4 Be4 55. Ne2 Ke7 56. Nd4 f5 57. Kf4 Kf6 58. b5 c5 59. Nb3 Ne6+ 60. Ke3 c4
61. Nc1 c3 62. a5 Ke5 63. Nd3+ Kd6 64. Nf2 f4+ 65. Ke2 Nd4+ 66. Ke1 Bf5 67. Bd3
Bxd3 68. Nxd3 h3 69. b6 axb6 70. a6 h2 71. Nf2 c2 72. Kd2 Kc7 0-1

[Event "CAN-ch U20 inv."]
[Site "Toronto CAN"]
[Date "2018.08.08"]
[Round "1.1"]
[White "Rodrigue-Lemieux, Shawn"]
[Black "Qiao, Cindy"]
[Result "1-0"]
[WhiteElo "2352"]
[BlackElo "2016"]
[PlyCount "99"]
[EventDate "2018.08.08"]
[EventType "tourn"]
[EventRounds "9"]
[EventCountry "CAN"]

1. d4 d5 2. Bf4 Nf6 3. e3 e6 4. Nf3 c5 5. Nbd2 Bd6 6. Bb5+ Nc6 7. Ne5 Qc7 8.
O-O a6 9. Bxc6+ bxc6 10. Nb3 cxd4 11. exd4 O-O 12. Nc5 Ne4 13. Nxe4 dxe4 14.
Bg3 c5 15. c3 Bb7 16. Qe2 cxd4 17. cxd4 Rac8 18. b3 Rfd8 19. Rfd1 Qe7 20. Nc4
Bxg3 21. hxg3 Qb4 22. Qh5 Bd5 23. Ne5 Rc7 24. Rac1 Rdc8 25. Kh2 Qb7 26. Rxc7
Rxc7 27. Ng4 Rc2 28. Qg5 Rc8 29. Rc1 Kf8 30. Rc5 h6 31. Qc1 Rxc5 32. dxc5 a5
33. Qc3 Qc7 34. a3 f6 35. b4 axb4 36. axb4 Qb7 37. Ne3 Ke7 38. Nc2 Qd7 39. Nd4
Bc6 40. Qc4 e5 41. Nxc6+ Qxc6 42. b5 Qe8 43. Kg1 Qd8 44. Qc2 Qd4 45. b6 Kd8 46.
b7 Kc7 47. Qb3 Kb8 48. c6 Qd6 49. Qg8+ Ka7 50. Qa8+ 1-0

[Event "CAN-ch U20 inv."]
[Site "Toronto CAN"]
[Date "2018.08.09"]
[Round "2.5"]
[White "Rodrigue-Lemieux, Shawn"]
[Black "Nasir, Zehn"]
[Result "1-0"]
[WhiteElo "2352"]
[BlackElo "2306"]
[PlyCount "111"]
[EventDate "2018.08.08"]
[EventType "tourn"]
[EventRounds "9"]
[EventCountry "CAN"]

1. e4 c6 2. d4 d5 3. exd5 cxd5 4. Nf3 Nf6 5. Ne5 g6 6. Bb5+ Nbd7 7. O-O Bg7 8.
Qe2 O-O 9. Nd2 Nxe5 10. dxe5 Ng4 11. Nf3 Qb6 12. h3 Nh6 13. Be3 Qc7 14. Qd2 Nf5
15. Bf4 e6 16. Rfe1 Bd7 17. Bd3 Rac8 18. Bxf5 gxf5 19. Bh6 Qd8 20. Bg5 f6 21.
exf6 Bxf6 22. Bxf6 Qxf6 23. Ne5 Be8 24. f4 Kh8 25. c3 Rc7 26. Rf1 Rg7 27. Rae1
Rfg8 28. Rf2 Qh4 29. Re3 Bh5 30. a4 b6 31. Nc6 Bf7 32. Nd4 Qh6 33. b3 Rg6 34.
Nf3 Qg7 35. Ne5 Rh6 36. Qd4 Be8 37. Rg3 Qf6 38. Rff3 Rxg3 39. Rxg3 Bh5 40. Kh2
Bg6 41. Rxg6 hxg6 42. Nf7+ Kg7 43. Qxf6+ Kxf6 44. Nxh6 Kg7 45. Nxf5+ exf5 46.
Kg3 Kh6 47. Kf3 Kh5 48. g3 g5 49. fxg5 Kxg5 50. h4+ Kf6 51. Kf4 a6 52. h5 b5
53. axb5 axb5 54. b4 Ke6 55. h6 Kf6 56. h7 1-0

[Event "CAN-ch U20 inv."]
[Site "Toronto CAN"]
[Date "2018.08.10"]
[Round "4.4"]
[White "Rodrigue-Lemieux, Shawn"]
[Black "Zhu, Brandon"]
[Result "1-0"]
[WhiteElo "2352"]
[BlackElo "2149"]
[PlyCount "97"]
[EventDate "2018.08.08"]
[EventType "tourn"]
[EventRounds "9"]
[EventCountry "CAN"]

1. Nf3 d5 2. g3 Nf6 3. Bg2 e6 4. O-O c5 5. c4 dxc4 6. Na3 Nc6 7. Nxc4 Be7 8. b3
O-O 9. Bb2 Bd7 10. Rc1 Rc8 11. d4 cxd4 12. Nxd4 Nxd4 13. Qxd4 Bc6 14. Rfd1 Bxg2
15. Kxg2 Qd5+ 16. Qxd5 Nxd5 17. e4 Nf6 18. Bxf6 Bxf6 19. e5 Bg5 20. f4 Bd8 21.
Nd6 Rxc1 22. Rxc1 b6 23. Nc8 a5 24. a4 h5 25. Rc6 g6 26. Kf3 Kh7 27. Ke4 h4 28.
g4 g5 29. f5 Re8 30. f6 Kg6 31. Nd6 Rh8 32. h3 Rf8 33. Rc2 Rg8 34. Rc6 Rf8 35.
Rc8 Rh8 36. Kd3 Bxf6 37. exf6 Rxc8 38. Nxc8 Kxf6 39. Ke4 Kg6 40. Nxb6 f5+ 41.
Kf3 e5 42. Nd7 e4+ 43. Ke3 fxg4 44. Ne5+ Kf6 45. Nxg4+ Kf5 46. Nf2 Ke5 47. Nxe4
Kf5 48. Nd6+ Kg6 49. Nc4 1-0

[Event "CAN-ch U20 inv."]
[Site "Toronto CAN"]
[Date "2018.08.10"]
[Round "5.3"]
[White "Hua, Eugene"]
[Black "Rodrigue-Lemieux, Shawn"]
[Result "0-1"]
[WhiteElo "2446"]
[BlackElo "2352"]
[PlyCount "92"]
[EventDate "2018.08.08"]
[EventType "tourn"]
[EventRounds "9"]
[EventCountry "CAN"]

1. e4 c6 2. d4 d5 3. e5 Bf5 4. Nf3 e6 5. Be2 Ne7 6. O-O Nd7 7. Nbd2 h6 8. Nb3
Rc8 9. a4 Bh7 10. a5 a6 11. Bd2 Nf5 12. c4 dxc4 13. Bxc4 Be7 14. Rc1 O-O 15.
Qe2 Re8 16. g4 Nh4 17. Nxh4 Bxh4 18. f4 c5 19. Be3 cxd4 20. Bxd4 Qe7 21. Rfd1
Qb4 22. Be3 b5 23. Rxd7 bxc4 24. Nd4 Qxa5 25. g5 hxg5 26. fxg5 Qxe5 27. Nf3 Qb5
28. Rd4 Bd3 29. Qd2 Rb8 30. Rxh4 Qxb2 31. Qe1 Qb7 32. Qg3 Bf5 33. g6 Bxg6 34.
Ne5 Bf5 35. Nxc4 Qb3 36. Nd6 Red8 37. Rd4 Bg6 38. h4 Rb4 39. Rd2 Rg4 40. Qxg4
Qxe3+ 41. Kh1 Qxd2 42. Rd1 Be4+ 43. Kg1 Qe3+ 44. Kh2 Qf2+ 45. Kh3 Rxd6 46. Ra1
Qf5 0-1

[Event "CAN-ch U20 inv."]
[Site "Toronto CAN"]
[Date "2018.08.11"]
[Round "7.4"]
[White "Tian, Sherry"]
[Black "Rodrigue-Lemieux, Shawn"]
[Result "1/2-1/2"]
[WhiteElo "2028"]
[BlackElo "2352"]
[PlyCount "219"]
[EventDate "2018.08.08"]
[EventType "tourn"]
[EventRounds "9"]
[EventCountry "CAN"]

1. d4 Nf6 2. Nf3 e6 3. c4 d5 4. Nc3 Bb4 5. Bd2 O-O 6. e3 a6 7. a3 Be7 8. Bd3
dxc4 9. Bxc4 b5 10. Be2 Bb7 11. O-O Nbd7 12. Rc1 c5 13. Qc2 Rc8 14. dxc5 Nxc5
15. Rfd1 Qb6 16. b4 Nce4 17. Qb2 Nxd2 18. Rxd2 Rc7 19. Nb1 Rfc8 20. Rdc2 Nd5
21. Rxc7 Rxc7 22. Rc2 h6 23. h3 g5 24. Qc1 Bf6 25. Rxc7 Qxc7 26. Qxc7 Nxc7 27.
Nfd2 Bd5 28. Bf3 Ba2 29. Bb7 Kf8 30. Kf1 Ke7 31. Ke2 Bg7 32. Kd3 f5 33. Nc3
Bxc3 34. Kxc3 e5 35. Nb3 Kd6 36. Bc8 Bxb3 37. Kxb3 f4 38. e4 Kc6 39. Bg4 Ne8
40. Kc3 Nd6 41. Bf3 Kc7 42. Kb3 Nc4 43. Ka2 Nd2 44. Kb2 Nc4+ 45. Ka2 Nd6 46. g4
Kb6 47. Bg2 Nc4 48. f3 Ne3 49. Bh1 a5 50. Kb2 Nf1 51. Bg2 Ng3 52. Ka2 Ne2 53.
Kb2 Nd4 54. Bh1 Ne6 55. Bg2 Nc7 56. Bh1 Ne8 57. Bg2 Nd6 58. Bh1 Nc4+ 59. Ka2
Kc6 60. Bg2 Kb6 61. Bh1 Ne3 62. Kb2 Nf1 63. Bg2 Ng3 64. Bh1 Nf1 65. Bg2 Ng3 66.
Ka2 Ne2 67. Bh1 Nc1+ 68. Kb2 Nd3+ 69. Kb3 Kc6 70. Bg2 Ne1 71. Bh1 Nd3 72. Bg2
Nc1+ 73. Kb2 Ne2 74. Ka2 Nd4 75. Kb2 Kb6 76. Bh1 Nc6 77. Kb3 Nb8 78. Bg2 Na6
79. Bh1 Nc7 80. Bg2 Ne6 81. Bh1 Nd8 82. Bg2 Nf7 83. Bh1 Nh8 84. Bg2 Ng6 85. Bh1
Nh4 86. Ka2 axb4 87. axb4 Kc7 88. Kb3 Kd8 89. Kc2 Ke7 90. Kb2 Kf6 91. Ka2 Kg7
92. Kb2 Kh8 93. Ka2 Kh7 94. Kb2 h5 95. Ka2 Kh6 96. Kb2 Kg6 97. Ka2 Kf6 98. Kb2
Ke7 99. Ka2 hxg4 100. hxg4 Kd6 101. Kb2 Ng6 102. Ka2 Nf8 103. Kb2 Ne6 104. Kb3
Nd4+ 105. Kb2 Kc6 106. Bg2 Kb6 107. Bh1 Nc6 108. Kb3 Nd4+ 109. Kb2 Ne2 110. Bg2
1/2-1/2

[Event "CAN-ch U20 inv."]
[Site "Toronto CAN"]
[Date "2018.08.12"]
[Round "8.2"]
[White "Rodrigue-Lemieux, Shawn"]
[Black "Liang, Hairan"]
[Result "1-0"]
[WhiteElo "2352"]
[BlackElo "2286"]
[PlyCount "181"]
[EventDate "2018.08.08"]
[EventType "tourn"]
[EventRounds "9"]
[EventCountry "CAN"]

1. Nf3 Nf6 2. g3 d5 3. Bg2 e6 4. O-O Be7 5. c4 O-O 6. b3 c5 7. cxd5 exd5 8. d4
Nc6 9. Bb2 Bg4 10. dxc5 Bxc5 11. Nc3 Qd7 12. Rc1 Rad8 13. Na4 Be7 14. Nc5 Qc8
15. Nd3 Qe6 16. Nf4 Qd6 17. Nd4 Rfe8 18. h3 Be6 19. Qd3 Qd7 20. Rfd1 Kh8 21.
Qe3 Nxd4 22. Qxd4 b6 23. g4 Bc5 24. Qd3 Qe7 25. Bd4 Bd6 26. e3 Bb8 27. Bf3 Rd7
28. Qf1 Red8 29. Qg2 Kg8 30. g5 Ne4 31. Bxe4 dxe4 32. Nh5 Rxd4 33. Rxd4 Rxd4
34. exd4 Qd6 35. d5 Bd7 36. Qg3 Qf8 37. Qe3 Qd6 38. Ng3 Qxd5 39. Qxe4 Qxe4 40.
Nxe4 Bxh3 41. Rd1 Bc7 42. Nd6 a6 43. Ne8 Bf4 44. Rd8 Kf8 45. Nf6+ Ke7 46. Rd3
Be6 47. Nd5+ Bxd5 48. Rxd5 Bd6 49. Kg2 Ke6 50. Rd1 Be7 51. Rh1 Bxg5 52. Rxh7
Bf6 53. Kf3 Bd4 54. Ke4 Bxf2 55. Rxg7 Bc5 56. Rg8 a5 57. Re8+ Be7 58. Kd4 Kd7
59. Rg8 Ke6 60. Rg2 Bc5+ 61. Kc4 f5 62. Re2+ Kf6 63. Kd5 f4 64. Ke4 Be3 65. Rg2
Ke7 66. Rg6 Kd7 67. a3 Ke7 68. b4 axb4 69. axb4 Kf7 70. Rc6 Ke7 71. Kd5 Kd7 72.
Re6 Kc7 73. Re7+ Kb8 74. Kc6 Ka8 75. b5 Bg1 76. Rg7 Bd4 77. Rg8+ Ka7 78. Rf8
Be3 79. Rf7+ Kb8 80. Rf8+ Ka7 81. Kc7 Bd4 82. Kc8 Be5 83. Re8 Bb8 84. Re4 Ka8
85. Ra4+ Ba7 86. Rxf4 Bb8 87. Rf7 Bd6 88. Rd7 Be5 89. Rd2 Bb8 90. Ra2+ Ba7 91.
Rxa7+ 1-0

[Event "CAN-ch U20 inv."]
[Site "Toronto CAN"]
[Date "2018.08.12"]
[Round "9.5"]
[White "Wang, Constance"]
[Black "Rodrigue-Lemieux, Shawn"]
[Result "0-1"]
[WhiteElo "2044"]
[BlackElo "2352"]
[PlyCount "114"]
[EventDate "2018.08.08"]
[EventType "tourn"]
[EventRounds "9"]
[EventCountry "CAN"]

1. e4 c6 2. d4 d5 3. e5 Bf5 4. h4 h5 5. c4 e6 6. Nc3 Ne7 7. Bg5 dxc4 8. Bxc4
Nd7 9. Nge2 Nb6 10. Bd3 Qd7 11. Bxe7 Bxe7 12. Bxf5 exf5 13. Qb3 Rd8 14. O-O-O
Qe6 15. Qc2 Bb4 16. Kb1 Bxc3 17. Qxc3 Nd5 18. Qc5 b6 19. Qa3 a5 20. Qb3 O-O 21.
Nc3 Qg6 22. Nxd5 Rxd5 23. Qc2 Rfd8 24. f4 Rxd4 25. Rxd4 Rxd4 26. Qf2 c5 27. g3
Qc6 28. Re1 Qd5 29. Qc2 g6 30. Rc1 Kg7 31. Qb3 Qxb3 32. axb3 Kf8 33. Rc4 Rd5
34. Kc2 Ke7 35. Rc3 Ke6 36. Re3 Rd4 37. Kc3 Kd5 38. Re1 Ke6 39. Re3 Kd7 40. Re1
Rd5 41. Ra1 Kc6 42. Re1 Kd7 43. Ra1 Rd4 44. Re1 Re4 45. Rd1+ Kc6 46. Rd6+ Kb5
47. Kd3 Re1 48. Kc3 Re3+ 49. Kc2 Rxg3 50. Rf6 Rg4 51. Rxf7 Rxh4 52. Rg7 Rxf4
53. Rxg6 Re4 54. Rg5 Rxe5 55. Rxh5 Re2+ 56. Kc3 f4 57. Rf5 Re3+ 0-1

[Event "Montreal Summer Classic"]
[Site "Montreal CAN"]
[Date "2018.07.30"]
[Round "1"]
[White "Rodrigue-Lemieux, Shawn"]
[Black "Ragnarsson, Dagur"]
[Result "1-0"]
[WhiteElo "2267"]
[BlackElo "2247"]
[PlyCount "137"]
[EventDate "2018.07.30"]
[EventType "tourn"]
[EventRounds "9"]
[EventCountry "CAN"]

1. e4 e6 2. d4 d5 3. Nd2 Be7 4. c3 c5 5. Ngf3 cxd4 6. cxd4 dxe4 7. Nxe4 Nf6 8.
Bd3 Nc6 9. O-O O-O 10. Nc3 Nb4 11. Bb1 b6 12. a3 Nbd5 13. Qd3 Bb7 14. Re1 g6
15. Ne5 Nh5 16. Qf3 Bf6 17. g4 Ng7 18. Be4 Bh4 19. Bh6 f5 20. gxf5 Rxf5 21.
Bxf5 Nxf5 22. Bd2 Qc7 23. Qg4 Rf8 24. Nxd5 Bxd5 25. Rac1 Qg7 26. Bf4 Bf6 27.
Red1 g5 28. Bg3 Nxg3 29. Qxg3 h5 30. h4 gxh4 31. Qxg7+ Kxg7 32. Rc7+ Kh6 33. f3
Bxe5 34. dxe5 Kg5 35. Rxa7 Kf4 36. Rd4+ Kxe5 37. Rxh4 Bxf3 38. Rb4 Rg8+ 39. Kf2
Be4 40. Rf7 h4 41. Rb5+ Bd5 42. Rh7 Rg2+ 43. Kf1 Rh2 44. Rb4 h3 45. Rh5+ Kf6
46. Rxb6 Rd2 47. Ke1 Rd3 48. Rb8 Kg6 49. Rhh8 e5 50. a4 e4 51. a5 Re3+ 52. Kd2
Rd3+ 53. Kc2 Rf3 54. Rb6+ Kg7 55. Rh5 Bf7 56. Rh4 e3 57. Kd3 Rg3 58. a6 Bd5 59.
Rbh6 Be4+ 60. Ke2 Bd5 61. a7 Rg2+ 62. Kxe3 Rxb2 63. Rxh3 Ra2 64. Rh7+ Kf6 65.
Kd4 Bg8 66. Rc7 Ra4+ 67. Kc5 Rc4+ 68. Kb6 Ra4 69. Rh6+ 1-0

[Event "Montreal Summer Classic"]
[Site "Montreal CAN"]
[Date "2018.07.31"]
[Round "2.5"]
[White "Rodrigue-Lemieux, Shawn"]
[Black "Rozman, Levy"]
[Result "1/2-1/2"]
[WhiteElo "2267"]
[BlackElo "2417"]
[PlyCount "112"]
[EventDate "2018.07.30"]
[EventType "tourn"]
[EventRounds "9"]
[EventCountry "CAN"]

1. e4 c6 2. d4 d5 3. exd5 cxd5 4. Nf3 Nf6 5. Ne5 a6 6. Bd3 g6 7. Nd2 Bg7 8. c3
O-O 9. Qc2 Nfd7 10. f4 Nxe5 11. fxe5 f6 12. exf6 Rxf6 13. Nf3 Bf5 14. O-O Nc6
15. Bg5 Bxd3 16. Qxd3 Rf5 17. Qe3 Qd7 18. Bh6 Raf8 19. Bxg7 Kxg7 20. Rae1 Qd6
21. Rf2 h6 22. Rfe2 g5 23. Nd2 g4 24. Nf1 Qg6 25. Qe6 Qxe6 26. Rxe6 h5 27. Ng3
Rg5 28. Ne2 Rf7 29. g3 Rf3 30. Nf4 Rf5 31. Kg2 Kf7 32. Rh6 e5 33. dxe5 Nxe5 34.
Rxh5 Rxh5 35. Nxh5 Nd3 36. Rf1 Kg6 37. Nf4+ Nxf4+ 38. gxf4 Rxf1 39. Kxf1 Kf5
40. Kg2 Kxf4 41. Kf2 b6 42. Ke2 Ke4 43. Kf2 Kf4 44. Ke2 b5 45. Kf2 a5 46. Ke2
Ke4 47. Kf2 a4 48. Ke2 Kf4 49. Kf2 Ke4 50. Ke2 d4 51. cxd4 Kxd4 52. Kd2 b4 53.
Ke2 Ke4 54. b3 a3 55. Kf2 Kd3 56. Ke1 Kc2 1/2-1/2

[Event "Montreal Summer Classic"]
[Site "Montreal CAN"]
[Date "2018.07.31"]
[Round "3.2"]
[White "Kavutskiy, Konstantin"]
[Black "Rodrigue-Lemieux, Shawn"]
[Result "1-0"]
[WhiteElo "2409"]
[BlackElo "2257"]
[PlyCount "49"]
[EventDate "2018.07.30"]
[EventType "tourn"]
[EventRounds "9"]
[EventCountry "CAN"]

1. d4 Nf6 2. c4 e6 3. Nc3 Bb4 4. Qc2 O-O 5. Nf3 b6 6. e4 d5 7. e5 Ne4 8. Bd3
Bb7 9. O-O Bxc3 10. bxc3 Nd7 11. Bxe4 dxe4 12. Ng5 h6 13. Nxe4 Qh4 14. Ng3 c5
15. Be3 Rac8 16. f4 cxd4 17. cxd4 Ba6 18. f5 Rxc4 19. Qd2 exf5 20. Rf4 Qe7 21.
Nxf5 Qe6 22. Qf2 Kh7 23. Re1 Ra4 24. Rg4 Rg8 25. d5 1-0

[Event "Montreal Summer Classic"]
[Site "Montreal CAN"]
[Date "2018.08.01"]
[Round "4"]
[White "Rodrigue-Lemieux, Shawn"]
[Black "Yu, Zong Yang"]
[Result "1/2-1/2"]
[WhiteElo "2267"]
[BlackElo "2389"]
[PlyCount "54"]
[EventDate "2018.07.30"]
[EventType "tourn"]
[EventRounds "9"]
[EventCountry "CAN"]

1. Nf3 Nf6 2. g3 d5 3. Bg2 c6 4. O-O Bg4 5. d3 Nbd7 6. c4 e6 7. b3 Bd6 8. Bb2
O-O 9. Nc3 Qe7 10. Rc1 a6 11. h3 Bh5 12. Rc2 Rfd8 13. Qa1 Bxf3 14. Bxf3 Ne5 15.
Bg2 Ng6 16. cxd5 cxd5 17. e4 Ba3 18. exd5 exd5 19. Ne2 Bxb2 20. Qxb2 h5 21. h4
Rac8 22. Nd4 Qb4 23. Nf5 Rxc2 24. Qxc2 Qb6 25. Re1 Qa5 26. Re2 Kh7 27. d4 Kg8
1/2-1/2

[Event "Montreal Summer Classic"]
[Site "Montreal CAN"]
[Date "2018.08.01"]
[Round "5"]
[White "Hua, Eugene"]
[Black "Rodrigue-Lemieux, Shawn"]
[Result "1-0"]
[WhiteElo "2340"]
[BlackElo "2267"]
[PlyCount "61"]
[EventDate "2018.07.30"]
[EventType "tourn"]
[EventRounds "9"]
[EventCountry "CAN"]

1. e4 c6 2. d4 d5 3. e5 Bf5 4. Nf3 e6 5. Be2 Bb4+ 6. c3 Ba5 7. O-O Nd7 8. Nbd2
Bc7 9. Re1 f6 10. Nh4 fxe5 11. Nxf5 exf5 12. dxe5 Nxe5 13. f4 Ng6 14. Ba6+ Kd7
15. Bxb7 Rb8 16. Ba6 Bxf4 17. Kh1 Nh6 18. Nc4 Bxc1 19. Qd4 Bf4 20. Qxg7+ Ne7
21. Qd4 Bg5 22. h4 c5 23. Qxc5 Bf4 24. Rad1 Ke8 25. Qd4 Rg8 26. Qxf4 Rg6 27.
Rxd5 Qxd5 28. Qxb8+ Kf7 29. Ne5+ Kg7 30. Nxg6 Nxg6 31. Qb7+ 1-0

[Event "Montreal Summer Classic"]
[Site "Montreal CAN"]
[Date "2018.08.02"]
[Round "6"]
[White "Rodrigue-Lemieux, Shawn"]
[Black "Chen, Richard"]
[Result "1/2-1/2"]
[WhiteElo "2267"]
[BlackElo "2312"]
[PlyCount "48"]
[EventDate "2018.07.30"]
[EventType "tourn"]
[EventRounds "9"]
[EventCountry "CAN"]

1. d4 d5 2. c4 e6 3. cxd5 exd5 4. Nc3 c6 5. Nf3 Nf6 6. Qc2 Na6 7. Bg5 Be7 8. a3
g6 9. e3 Bf5 10. Bd3 Bxd3 11. Qxd3 Nc7 12. O-O O-O 13. Bh6 Re8 14. Ne5 Qc8 15.
h3 Qf5 16. Qxf5 gxf5 17. Ne2 Ne4 18. Ng3 Nd6 19. Rac1 Ne6 20. Nd3 f6 21. Bf4
Nxf4 22. Nxf4 Kf7 23. Nd3 Bf8 24. Rc2 Bh6 1/2-1/2

[Event "Montreal Summer Classic"]
[Site "Montreal CAN"]
[Date "2018.08.02"]
[Round "7"]
[White "Ostrovskiy, Aleksandr"]
[Black "Rodrigue-Lemieux, Shawn"]
[Result "1-0"]
[WhiteElo "2424"]
[BlackElo "2267"]
[PlyCount "55"]
[EventDate "2018.07.30"]
[EventType "tourn"]
[EventRounds "9"]
[EventCountry "CAN"]

1. c4 e6 2. Nf3 d5 3. e3 Nf6 4. Nc3 Bd6 5. b3 O-O 6. Bb2 c6 7. Be2 Nbd7 8. Qc2
e5 9. cxd5 cxd5 10. Nb5 Bb8 11. Rc1 e4 12. Nfd4 Ne5 13. Nc7 Nd3+ 14. Bxd3 exd3
15. Qc5 Nd7 16. Qc3 Bxc7 17. Qxc7 Qf6 18. O-O Re8 19. f4 Nf8 20. f5 Qh6 21. Rf3
Nd7 22. Rg3 Nf6 23. Nb5 Bxf5 24. Nd6 Bg6 25. Bxf6 Re6 26. Qc8+ Re8 27. Nxe8
Rxc8 28. Rxc8 1-0

[Event "Quebec op"]
[Site "Longueuil CAN"]
[Date "2018.07.21"]
[Round "1.9"]
[White "Rodrigue-Lemieux, Shawn"]
[Black "Upper, John"]
[Result "1-0"]
[WhiteElo "2267"]
[BlackElo "1969"]
[PlyCount "71"]
[EventDate "2018.07.21"]
[EventType "swiss"]
[EventRounds "9"]
[EventCountry "CAN"]

1. e4 c5 2. Nf3 g6 3. d4 cxd4 4. Nxd4 Bg7 5. c4 Nc6 6. Be3 Nf6 7. Nc3 Ng4 8.
Qxg4 Nxd4 9. Qd1 e5 10. Bd3 d6 11. O-O O-O 12. Ne2 a5 13. Qd2 Qb6 14. Rac1 Be6
15. Rfd1 Rfc8 16. f3 Nxe2+ 17. Bxe2 Qb4 18. Qc2 a4 19. a3 Qa5 20. Rxd6 Bf8 21.
Rdd1 b5 22. Qc3 bxc4 23. Rd2 Bc5 24. Kf2 Qxc3 25. Rxc3 Rab8 26. Bd1 Rd8 27.
Rxd8+ Rxd8 28. Bxc5 Rxd1 29. Ke2 Rd8 30. Rc2 Kg7 31. Rd2 Rb8 32. Bb4 f6 33. Rd6
Bf7 34. Kd2 Rb7 35. Rd8 Ra7 36. Bf8+ 1-0

[Event "Quebec op"]
[Site "Longueuil CAN"]
[Date "2018.07.22"]
[Round "2.9"]
[White "Chang, Alexander RZ"]
[Black "Rodrigue-Lemieux, Shawn"]
[Result "0-1"]
[WhiteElo "1597"]
[BlackElo "2267"]
[PlyCount "108"]
[EventDate "2018.07.21"]
[EventType "swiss"]
[EventRounds "9"]
[EventCountry "CAN"]

1. d4 Nf6 2. c4 e6 3. Nc3 Bb4 4. Nf3 O-O 5. e3 d5 6. Bd3 c5 7. O-O Nc6 8. a3
Bxc3 9. bxc3 Qc7 10. Qc2 Rd8 11. Rd1 Na5 12. Ne5 b6 13. Bb2 Bb7 14. Rac1 dxc4
15. Nxc4 Nxc4 16. Bxc4 Ng4 17. g3 Qc6 18. e4 Qxe4 19. Qxe4 Bxe4 20. Be2 Nf6 21.
f3 Bc6 22. c4 Ba4 23. Rd3 cxd4 24. Bxd4 Nd7 25. f4 Rac8 26. Kf2 Nc5 27. Bxc5
Rxd3 28. Bxd3 Rxc5 29. Ke3 Kf8 30. Kd4 Ke7 31. Re1 Kd6 32. Re5 h6 33. Be4 Bc6
34. Rxc5 bxc5+ 35. Kd3 Bxe4+ 36. Kxe4 f5+ 37. Kd3 e5 38. fxe5+ Kxe5 39. Ke3 g5
40. h3 f4+ 41. gxf4+ gxf4+ 42. Kf3 Kf5 43. h4 h5 44. a4 a5 45. Kf2 Kg4 46. Kg2
Kxh4 47. Kf3 Kg5 48. Kf2 Kg4 49. Kg2 f3+ 50. Kf2 h4 51. Kg1 Kg3 52. Kh1 h3 53.
Kg1 f2+ 54. Kf1 h2 0-1